000 01281nam a2200253 i 4500
001 165337
003 ES-MaACL
005 20250928114843.0
008 991209s1869 sp |||| | spa d
080 _a53
245 0 0 _aDiscursos leídos ante la Academia de Ciencias Exactas, Físicas y Naturales, en la recepción pública del señor D. Ildefonso Sierra y Orantes.
260 _aMadrid :
_b[s.n.],
_c1869 (
_fImp. de la Viuda de Aguado e Hijo)
300 _a63 p. ;
_c25 cm.
530 _aDisponible en formato digital.
594 _aTema del discurso: Los llamados fluidos imponderables, y aplicación del análisis matemático al estudio de la física.
594 _aRecoge el discurso de Ildefonso Sierra y Orantes, y el discurso de contestación del marqués del Socorro (p. [55]-63)
650 7 _aFísica
_2embne
_912877
700 1 _aSierra y Orantes, Ildefonso.
_9132720
700 1 _aSolano de la Matalinares, José,
_cMarqués del Socorro,
_d1802-1882
_9132793
710 2 _aReal Academia de Ciencias Exactas, Físicas y Naturales de España.
_9175635
852 4 _aES-MaACL
_jT-97-F-8
_z- Enc hol.
_z- Enc. en un vol. facticio
856 4 _uhttp://bdh-rd.bne.es/viewer.vm?id=0000090026&page=1
_zBiblioteca Digital Hispánica
999 _c165337
_d165337